EVERY KENTUCKY LOTTERY PICK - Statistics

General Stats
  • This quiz has been taken 11 times
  • The average score is 17 of 40
Answer Stats
Answer Pick Year Position % Correct
Anthony Davis 1 2012 PF
100%
Devin Booker 13 2015 SG
100%
John Wall 1 2010 PG
100%
Karl-Anthony Towns 1 2015 C
100%
Demarcus Cousins 5 2010 C
89%
De’Aaron Fox 5 2017 PG
78%
Michael Kidd-Gilchrist 2 2012 SF
78%
Willie Cauley-Stein 6 2015 C
78%
Bam Adebayo 14 2017 C
67%
Malik Monk 11 2017 SG
67%
PJ Washington 12 2019 PF
67%
Shai Gilgeous-Alexander 11 2018 PG
67%
Jamal Murray 7 2016 SG
56%
Julius Randle 7 2014 PF
56%
Sam Bowie 2 1984 C
56%
Wah Wah Jones 9 1949 G/F
56%
Antoine Walker 6 1996 F
44%
Kenny Walker 5 1986 F
44%
Nerlens Noel 6 2013 C
44%
Shadeon Sharpe 7 2022 G/F
44%
Tyler Herro 13 2019 SG
44%
Brandon Knight 8 2011 G
33%
Enes Kanter 3 2011 F/C
33%
Pat Riley 7 1967 SG
33%
Trey Lyles 12 2015 F
33%
Cason Wallace 10 2022 G
22%
Kevin Knox 9 2018 SF
22%
Patrick Patterson 14 2010 F
22%
Rex Chapman 8 1988 SG
22%
Jamal Mashburn 4 1993 SF
11%
Mel Turpin 6 1984 C
11%
Rick Robey 3 1978 C
11%
Alex Groza 2 1949 C
0%
Bob Burrow 8 1956 C
0%
Cotton Nash 12 1964 F
0%
Derek Anderson 13 1997 G
0%
Frank Ramsey 5 1953 F
0%
Ron Mercer 6 1997 SG
0%
Tom Payne 2 1971 C
0%
Vern Hatton 9 1958 G
0%
No matching quizzes found
Score Distribution
Percent of People with Each Score
Percentile by Number Answered
Your Score History
You have not taken this quiz